[Event "82. Provinciale VE"]
[Site "Mestre ITA"]
[Date "2023.01.27"]
[Round "1.2"]
[White "Bozzao, Francesco"]
[Black "Lobina, Riccardo Marco"]
[Result "0-1"]
[WhiteElo "1832"]
[BlackElo "1294"]
[Annotator "Gabriele Ballarin"]
[PlyCount "66"]
[EventDate "2023.01.27"]
[EventType "swiss"]
[EventRounds "5"]
[EventCountry "ITA"]

1. d4 Nf6 2. c4 e6 3. Nf3 Bb4+ 4. Bd2 Bxd2+ 5. Nbxd2 d5 6. g3 O-O 7. Bg2 c6 8. O-O Nbd7 9. Qc2 Re8 10. Rad1 Qc7 11. e3 b6 12. cxd5 exd5 13. Rc1 Bb7 14. b4 b5 15. Nb3 Nb6 16. Na5 Nc4 17. Nxc4 bxc4 18. Nd2 a5 19. Rb1 axb4 20. Rxb4 Reb8 21. Rfb1 Bc8 22. Rxb8 Rxb8 23. Rxb8 Qxb8 24. e4 Qb4 25. h3 Ba6 26. Bf3 c3 27. Nb3 Bc4 28. e5 Bxb3 29. axb3 Nd7 30. Qd1 Qa3 31. Bg4 Nf8 32. Kf1 Qb2 33. Ke1 c2 0-1

[Event "82. Provinciale VE"]
[Site "Mestre ITA"]
[Date "2023.01.27"]
[Round "1.3"]
[White "Frascerra, Andrea"]
[Black "Rubini, Alessandro TV"]
[Result "1-0"]
[WhiteElo "1282"]
[BlackElo "1807"]
[Annotator "Gabriele Ballarin"]
[PlyCount "73"]
[EventDate "2023.01.27"]
[EventType "swiss"]
[EventRounds "5"]
[EventCountry "ITA"]

1. e4 e6 2. d4 d5 3. e5 c5 4. c3 Qb6 5. Nf3 Bd7 6. Bd3 Nh6 7. Qe2 Nc6 8. Qe3 O-O-O 9. a3 c4 10. Bc2 f6 11. O-O Ng4 12. Qe2 fxe5 13. dxe5 g6 14. h3 Nh6 15. Nbd2 Nf7 16. b3 cxb3 17. Nxb3 Bg7 18. Bf4 g5 19. Be3 Qc7 20. Nxg5 Nfxe5 21. Nc5 Rde8 22. Rab1 b6 23. Qa6+ Kd8 24. Ngxe6+ Rxe6 25. Nxe6+ Bxe6 26. Bg5+ Ne7 27. Rfe1 Bc8 28. Qb5 Re8 29. Qxd5+ Qd7 30. Rxe5 Qxd5 31. Rxd5+ Kc7 32. Bf4+ Kb7 33. Rc5 Nc6 34. f3 Bf8 35. Rc4 Bc5+ 36. Rxc5 Na5 37. Rxa5 1-0

[Event "82. Provinciale VE"]
[Site "Mestre ITA"]
[Date "2023.01.27"]
[Round "1.4"]
[White "Porta, Federico"]
[Black "Gambarotto, Paolo"]
[Result "1-0"]
[WhiteElo "1750"]
[BlackElo "1266"]
[Annotator "Gabriele Ballarin"]
[PlyCount "87"]
[EventDate "2023.01.27"]
[EventType "swiss"]
[EventRounds "5"]
[EventCountry "ITA"]

1. d4 f5 2. Bf4 Nf6 3. e3 g6 4. Nf3 Bg7 5. Bc4 d5 6. Bd3 O-O 7. Nbd2 Nc6 8. h3 Nd7 9. c3 e5 10. dxe5 Ncxe5 11. Be2 Qe7 12. O-O c6 13. Qb3 Nc5 14. Qa3 b6 15. Rfe1 Re8 16. Nxe5 Bxe5 17. Bxe5 Qxe5 18. Nf3 Qe7 19. Nd4 Bb7 20. c4 Qh4 21. Nf3 Qh6 22. cxd5 cxd5 23. Nd4 Ne4 24. Bf3 Nd2 25. Rac1 Nxf3+ 26. Nxf3 Qg7 27. Red1 Re7 28. Nd4 a6 29. Qd6 b5 30. Rc5 Rae8 31. Rdc1 Rd7 32. Qb6 Qe5 33. Rc7 Ree7 34. Rxd7 Rxd7 35. Rc3 f4 36. Nf3 Qe7 37. exf4 Rd6 38. Qd4 Qd7 39. Ne5 Qg7 40. Qc5 Re6 41. Qc7 Re7 42. Qb8+ Qf8 43. Qd6 Kg7 44. Rc7 1-0

[Event "82. Provinciale VE"]
[Site "Mestre ITA"]
[Date "2023.01.27"]
[Round "1.5"]
[White "Gaggio, Giacomo"]
[Black "Rossi, Gianni"]
[Result "1/2-1/2"]
[WhiteElo "1254"]
[BlackElo "1557"]
[Annotator "Gabriele Ballarin"]
[PlyCount "51"]
[EventDate "2023.01.27"]
[EventType "swiss"]
[EventRounds "5"]
[EventCountry "ITA"]

1. e4 Nf6 2. e5 Nd5 3. d4 d6 4. Nf3 Bg4 5. exd6 exd6 6. Bd3 Be7 7. c4 Nb6 8. O-O O-O 9. Qc2 g6 10. Nbd2 Nc6 11. a3 Bf6 12. d5 Nd4 13. Nxd4 Bxd4 14. a4 Re8 15. a5 Nd7 16. Nb3 Qf6 17. h3 Bf5 18. Bxf5 gxf5 19. Nxd4 Qxd4 20. Qxf5 Ne5 21. Qf6 Qe4 22. f4 Nd7 23. Qh4 Kh8 24. Ra3 Rg8 25. g4 Rae8 26. Re3 {=} 1/2-1/2

[Event "82. Provinciale VE"]
[Site "Mestre ITA"]
[Date "2023.01.27"]
[Round "1.6"]
[White "Schiera, Ignazio"]
[Black "Gazzato, Nicolò"]
[Result "0-1"]
[WhiteElo "1543"]
[BlackElo "1254"]
[Annotator "Gabriele Ballarin"]
[PlyCount "154"]
[EventDate "2023.01.27"]
[EventType "swiss"]
[EventRounds "5"]
[EventCountry "ITA"]

1. e4 e6 2. d4 d5 3. Bd3 c5 4. exd5 exd5 5. Qe2+ Qe7 6. Qxe7+ Bxe7 7. dxc5 Bxc5 8. Nc3 Be6 9. Nf3 Nc6 10. O-O Nge7 11. Re1 O-O 12. a3 a6 13. Ng5 h6 14. Nxe6 fxe6 15. Re2 Nd4 16. Rd2 Rf7 17. b4 Ba7 18. Na4 Raf8 19. Nc5 Nec6 20. Bb2 a5 21. Rf1 axb4 22. Bxd4 Nxd4 23. axb4 Rc8 24. c3 Bxc5 25. bxc5 Nb3 26. Re2 Nxc5 27. Bg6 Rf6 28. Bh5 Ne4 29. c4 Rxc4 30. Rb2 Rc7 31. f3 g6 32. Bg4 h5 33. Bxe6+ Rxe6 34. fxe4 dxe4 35. Re1 Kf7 36. Kf2 Kf6 37. Ke3 Rd6 38. Rf1+ Ke5 39. Rb3 Rcd7 40. Rf8 Rd3+ 41. Rxd3 Rxd3+ 42. Ke2 Rd6 43. Re8+ Re6 44. Rb8 b6 45. Ke3 Kf5 46. Rf8+ Rf6 47. Rb8 g5 48. Rb7 Rd6 49. Rf7+ Kg6 50. Rb7 Re6 51. Rb8 Kf6 52. Rh8 h4 53. Rb8 g4 54. Rg8 Kf5 55. Rf8+ Rf6 56. Rh8 Kg5 57. Rg8+ Rg6 58. Rb8 Kf5 59. Rf8+ Rf6 60. Rh8 Rd6 61. Rf8+ Ke5 62. Re8+ Re6 63. Rb8 g3 64. hxg3 hxg3 65. Rb7 Kd5 66. Rg7 b5 67. Rxg3 b4 68. Kd2 Kc4 69. Re3 b3 70. Kc1 Kb4 71. Kb2 Kc4 72. g4 Kd4 73. Re1 Kd3 74. Kxb3 Kd2 75. Rb1 e3 76. Rb2+ Kd3 77. Rb1 e2 0-1

[Event "82. Provinciale VE"]
[Site "Mestre ITA"]
[Date "2023.01.27"]
[Round "1.7"]
[White "Bardi, Enrico"]
[Black "Pintonello, Francesco"]
[Result "0-1"]
[WhiteElo "1195"]
[BlackElo "1488"]
[Annotator "Gabriele Ballarin"]
[PlyCount "132"]
[EventDate "2023.01.27"]
[EventType "swiss"]
[EventRounds "5"]
[EventCountry "ITA"]

1. e4 e5 2. Bc4 Nc6 3. d3 Bc5 4. Nf3 h6 5. h3 d6 6. Nc3 Nf6 7. a3 Ne7 8. Be3 Bb6 9. d4 exd4 10. Bxd4 Nc6 11. Bxf6 Qxf6 12. Qd2 O-O 13. O-O-O Be6 14. Nd5 Bxd5 15. Bxd5 Rab8 16. Bxc6 bxc6 17. Nd4 Bc5 18. b4 Bxd4 19. Qxd4 Qxd4 20. Rxd4 f6 21. c3 Rfe8 22. Kd2 Kf7 23. f3 Ke6 24. Re1 Rb6 25. f4 Rbb8 26. h4 Ra8 27. a4 a5 28. Kd3 axb4 29. Rxb4 Ra5 30. Ra1 Kd7 31. Rc4 Rb8 32. Kc2 c5 33. Rd1 Kc6 34. g4 Rba8 35. Kb3 Rb8+ 36. Ka2 Rba8 37. Kb3 Rb8+ 38. Ka2 Re8 39. g5 f5 40. Re1 hxg5 41. fxg5 f4 42. h5 Re5 43. h6 gxh6 44. gxh6 Rh5 45. Rf1 Rxh6 46. Rxf4 Rh2+ 47. Kb3 Rh6 48. Rf5 Re6 49. Kc2 Rh6 50. Kb3 Ra8 51. e5 Rh2 52. Ka3 Rb8 53. Rcf4 Rbb2 54. exd6 cxd6 55. Rh5 Ra2+ 56. Kb3 Rhb2+ 57. Kc4 Rxa4+ 58. Kd3 Rxf4 59. Rh8 Rg2 60. Rc8+ Kd7 61. Rh8 Rg3+ 62. Kd2 Rf2+ 63. Ke1 Rc2 64. Rh1 Rc1+ 65. Kf2 Rxh1 66. Kxg3 Rc1 0-1

[Event "82. Provinciale VE"]
[Site "Mestre ITA"]
[Date "2023.01.27"]
[Round "1.8"]
[White "Rizzo, Nicodemo"]
[Black "Zanata, Domenico"]
[Result "1-0"]
[WhiteElo "1472"]
[BlackElo "1171"]
[Annotator "Gabriele Ballarin"]
[PlyCount "69"]
[EventDate "2023.01.27"]
[EventType "swiss"]
[EventRounds "5"]
[EventCountry "ITA"]

1. d4 d5 2. c4 Nf6 3. e3 e6 4. Nf3 Bd6 5. Be2 b6 6. Nc3 Bd7 7. Bd2 c5 8. O-O Bc6 9. cxd5 cxd4 10. Nxd4 Bxh2+ 11. Kxh2 Qd6+ 12. Kg1 Bd7 13. dxe6 fxe6 14. Bf3 e5 15. Ndb5 Qc5 16. Bxa8 a6 17. Na3 Qb4 18. Qb3 Qh4 19. f3 Nh5 20. Qc4 Qg5 21. Ne4 Qg6 22. Qd5 a5 23. Qxe5+ Qe6 24. Qxh5+ g6 25. Qh2 Na6 26. Qd6 Qf7 27. Nf6+ Kd8 28. Qxb6+ Nc7 29. Bxa5 Ke7 30. Nxd7 Rxa8 31. Qxc7 Ke8 32. Qc6 Qe7 33. Nb6+ Kf7 34. Qxa8 Qxe3+ 35. Rf2 1-0

[Event "82. Provinciale VE"]
[Site "Mestre ITA"]
[Date "2023.01.27"]
[Round "1.9"]
[White "Formentin, John"]
[Black "Moretto, Christian"]
[Result "0-1"]
[WhiteElo "1069"]
[BlackElo "1425"]
[Annotator "Gabriele Ballarin"]
[PlyCount "70"]
[EventDate "2023.01.27"]
[EventType "swiss"]
[EventRounds "5"]
[EventCountry "ITA"]

1. e4 e5 2. Nf3 Nc6 3. Bc4 Bc5 4. Nc3 Nf6 5. d3 h6 6. Be3 Bb6 7. Qd2 Nd4 8. Nxe5 Ne6 9. O-O-O d6 10. Nf3 Bd7 11. e5 Ng4 12. d4 Ba5 13. Rhf1 Qe7 14. h3 Nxe3 15. Qxe3 Bxc3 16. Qxc3 O-O 17. Kb1 Nf4 18. Rg1 b5 19. Bb3 Ne2 20. Qe3 Nxg1 21. Rxg1 c5 22. c3 Bf5+ 23. Ka1 c4 24. Bd1 d5 25. g4 Be4 26. Ne1 a5 27. Bf3 Bxf3 28. Qxf3 b4 29. Nc2 b3 30. axb3 cxb3 31. Ne3 a4 32. Qxd5 a3 33. Kb1 axb2 34. Kxb2 Qa3+ 35. Kb1 Qa1# 0-1

[Event "82. Provinciale VE"]
[Site "Mestre ITA"]
[Date "2023.01.27"]
[Round "1.10"]
[White "Mamone, Elena Maria"]
[Black "Cedriano, Mattia"]
[Result "1-0"]
[WhiteElo "1384"]
[BlackElo "999"]
[Annotator "Gabriele Ballarin"]
[PlyCount "91"]
[EventDate "2023.01.27"]
[EventType "swiss"]
[EventRounds "5"]
[EventCountry "ITA"]

1. e4 e6 2. d4 d5 3. e5 c5 4. c3 Nc6 5. Nf3 Qb6 6. Bd3 Bd7 7. Bc2 cxd4 8. cxd4 Nh6 9. O-O Nf5 10. Bxf5 exf5 11. Nc3 Be6 12. Ne2 Be7 13. Nf4 h6 14. Re1 Rc8 15. Re3 Nb4 16. Rb3 a5 17. a3 a4 18. Rc3 Rxc3 19. bxc3 Na6 20. Qxa4+ Bd7 21. Qc2 Bc6 22. Qxf5 Qb3 23. Bd2 Bxa3 24. Qc8+ Ke7 25. Qxh8 Bb2 26. Re1 Bxc3 27. Bxc3 Qxc3 28. Qxg7 Nb4 29. e6 Nc2 30. Qxf7+ Kd6 31. Qf8+ Kc7 32. Qe7+ Kb8 33. Qd6+ Ka8 34. Rc1 Qb2 35. Rf1 Bb5 36. Rd1 Ba4 37. Qd8+ Ka7 38. Qa5+ Kb8 39. Qxa4 b5 40. Qa5 b4 41. e7 Kb7 42. e8=R Nxd4 43. Re7+ Kc6 44. Rc7+ Kd6 45. Qb6+ Nc6 46. Qxc6# 1-0

[Event "82. Provinciale VE"]
[Site "Mestre ITA"]
[Date "2023.01.27"]
[Round "1.11"]
[White "Giuliani, Marco"]
[Black "Amadardo, Matteo"]
[Result "0-1"]
[WhiteElo "999"]
[BlackElo "1376"]
[Annotator "Gabriele Ballarin"]
[PlyCount "40"]
[EventDate "2023.01.27"]
[EventType "swiss"]
[EventRounds "5"]
[EventCountry "ITA"]

1. e4 c5 2. Nf3 Nc6 3. Bb5 Qc7 4. c3 a6 5. Bc4 b5 6. Bd5 e6 7. Bb3 c4 8. Bc2 Nf6 9. d4 cxd3 10. Bxd3 Bb7 11. Be3 Ng4 12. Qd2 Nxe3 13. Qxe3 Ne5 14. Qf4 Nxd3+ 15. Kd1 Nxf4 16. Rg1 Bxe4 17. Nbd2 Bd3 18. Nd4 Bc5 19. N2f3 O-O 20. Kd2 e5 0-1

[Event "82. Provinciale VE"]
[Site "Mestre ITA"]
[Date "2023.01.27"]
[Round "1.12"]
[White "Nicolardi, Edoardo"]
[Black "Patron, Cristobal"]
[Result "1-0"]
[WhiteElo "1317"]
[BlackElo "999"]
[Annotator "Gabriele Ballarin"]
[PlyCount "49"]
[EventDate "2023.01.27"]
[EventType "swiss"]
[EventRounds "5"]
[EventCountry "ITA"]

1. e4 c6 2. d4 d5 3. Nc3 Nf6 4. f3 Qc7 5. e5 Nfd7 6. Bd3 e6 7. Nge2 Bb4 8. O-O c5 9. Nb5 Qb6 10. Nd6+ Kf8 11. Nxc8 Qc7 12. Nd6 c4 13. c3 Bxd6 14. exd6 Qxd6 15. Bc2 Nc6 16. Bf4 e5 17. dxe5 Ndxe5 18. Nd4 Qc5 19. Be3 Re8 20. Ne6+ Rxe6 21. Bxc5+ Ke8 22. Qxd5 b6 23. f4 Ng4 24. Bf5 Ne3 25. Bxe3 1-0

[Event "82. Provinciale VE"]
[Site "Mestre ITA"]
[Date "2023.01.27"]
[Round "1.13"]
[White "Radetich, Gioele"]
[Black "Arcudi, Gioele"]
[Result "0-1"]
[WhiteElo "999"]
[BlackElo "1298"]
[Annotator "Gabriele Ballarin"]
[PlyCount "98"]
[EventDate "2023.01.27"]
[EventType "swiss"]
[EventRounds "5"]
[EventCountry "ITA"]

1. e4 c5 2. Nf3 Nc6 3. d4 cxd4 4. Nxd4 e5 5. Nxc6 bxc6 6. Bd3 Bc5 7. O-O Nf6 8. Bg5 O-O 9. c4 d6 10. Nd2 h6 11. Bxf6 Qxf6 12. Be2 Be6 13. Nb3 Bb6 14. Qxd6 Rfd8 15. Qb4 Qg6 16. Rfd1 Qxe4 17. Bf3 Qxc4 18. Rxd8+ Rxd8 19. Qe1 Qf4 20. Rd1 Rxd1 21. Bxd1 Bd5 22. g3 Qe4 23. Qxe4 Bxe4 24. Nd2 Bd5 25. b3 Kf8 26. Kf1 f5 27. Bh5 Ke7 28. Be2 g5 29. Bc4 Bxc4+ 30. Nxc4 Ke6 31. f3 e4 32. fxe4 fxe4 33. g4 Kd5 34. Ke2 Kd4 35. Kd2 Bc7 36. h3 Bf4+ 37. Ke2 Kd5 38. Ne3+ Kd4 39. Nf5+ Kc3 40. Ne7 c5 41. Nc6 Kb2 42. Nxa7 Kxa2 43. Nc6 Kxb3 44. Ne7 c4 45. Nd5 c3 46. Nxc3 Kxc3 47. Ke1 Kd3 48. Kf2 Kd2 49. Kf1 e3 0-1

[Event "82. Provinciale VE"]
[Site "Mestre ITA"]
[Date "2023.01.28"]
[Round "2.1"]
[White "Gallo, Enrico"]
[Black "Nicolardi, Edoardo"]
[Result "1-0"]
[WhiteElo "2095"]
[BlackElo "1317"]
[Annotator "Gabriele Ballarin"]
[PlyCount "59"]
[EventDate "2023.01.27"]
[EventType "swiss"]
[EventRounds "5"]
[EventCountry "ITA"]

1. e4 e5 2. Nf3 Nc6 3. Bc4 Nf6 4. Ng5 d5 5. exd5 Na5 6. Bb5+ c6 7. dxc6 bxc6 8. Bd3 Bc5 9. O-O O-O 10. Nc3 h6 11. Nge4 Nxe4 12. Nxe4 Bb6 13. b4 Nb7 14. Bb2 f5 15. Bc4+ Kh8 16. Nc5 Nxc5 17. bxc5 Bxc5 18. Bxe5 Bd4 19. Bxd4 Qxd4 20. Bb3 f4 21. Qf3 Bb7 22. c3 Qxd2 23. Rad1 Qb2 24. Rb1 Qa3 25. Bc2 Rab8 26. Qe4 Kg8 27. Rfe1 Qa5 28. Qh7+ Kf7 29. Bb3+ Kf6 30. Re6+ 1-0

[Event "82. Provinciale VE"]
[Site "Mestre ITA"]
[Date "2023.01.28"]
[Round "2.2"]
[White "Arcudi, Gioele"]
[Black "Porta, Federico"]
[Result "0-1"]
[WhiteElo "1298"]
[BlackElo "1750"]
[Annotator "Gabriele Ballarin"]
[PlyCount "172"]
[EventDate "2023.01.27"]
[EventType "swiss"]
[EventRounds "5"]
[EventCountry "ITA"]

1. e4 c6 2. d4 d5 3. f3 Qb6 4. Nc3 dxe4 5. Nxe4 Bf5 6. Bd3 Qxd4 7. Ne2 Qb6 8. Nd6+ exd6 9. Bxf5 Nf6 10. Nd4 Be7 11. Be3 Nbd7 12. O-O O-O 13. Bf2 Qa5 14. g4 Rad8 15. g5 Nh5 16. Bg4 Nf4 17. h4 Rfe8 18. Bg3 Nd5 19. Nf5 Ne5 20. Qd4 Bf8 21. Rae1 Qb4 22. Bxe5 dxe5 23. Qxb4 Nxb4 24. c3 Nd3 25. Rb1 Bc5+ 26. Kh2 Nf4 27. Rbd1 Nd3 28. b3 g6 29. Ng3 Be3 30. Ne4 Bf4+ 31. Kg2 Kg7 32. h5 h6 33. gxh6+ Bxh6 34. hxg6 Nf4+ 35. Kf2 fxg6 36. Nc5 b6 37. Rxd8 Rxd8 38. Ne6+ Nxe6 39. Bxe6 Rd2+ 40. Kg3 Kf6 41. Bh3 Bf4+ 42. Kg4 Rxa2 43. Rd1 Rd2 44. Rxd2 Bxd2 45. c4 b5 46. cxb5 cxb5 47. Bf1 b4 48. Ba6 Ke6 49. Bd3 g5 50. Bc4+ Kd6 51. Kf5 Bf4 52. Ke4 Kc5 53. Bf7 Kd6 54. Bc4 Ke7 55. Kf5 Kd6 56. Ke4 Kc5 57. Bg8 Kc6 58. Bf7 Kd6 59. Bc4 Ke7 60. Kf5 Kd6 61. Ke4 Bd2 62. Bf7 Ke7 63. Bc4 Kf6 64. Ba6 Bc3 65. Bc4 Kg6 66. Be6 Kh5 67. Bg4+ Kh4 68. Bd7 Kg3 69. Bb5 g4 70. fxg4 Kxg4 71. Bc4 Kg3 72. Bb5 Kf2 73. Bc6 Ke2 74. Bb5+ Kd2 75. Bd7 Kc2 76. Ba4 Bd4 77. Kf3 a6 78. Ke4 Kc3 79. Kf3 Kd3 80. Bc6 Bc5 81. Bd5 Bf8 82. Bc6 Bd6 83. Ba4 e4+ 84. Kg2 Kd2 85. Bc6 e3 86. Bf3 e2 0-1

[Event "82. Provinciale VE"]
[Site "Mestre ITA"]
[Date "2023.01.28"]
[Round "2.3"]
[White "Pintonello, Francesco"]
[Black "Lobina, Riccardo Marco"]
[Result "1/2-1/2"]
[WhiteElo "1488"]
[BlackElo "1294"]
[Annotator "Gabriele Ballarin"]
[PlyCount "110"]
[EventDate "2023.01.27"]
[EventType "swiss"]
[EventRounds "5"]
[EventCountry "ITA"]

1. e4 e5 2. Nf3 Nc6 3. Bc4 Bc5 4. c3 Nf6 5. d4 exd4 6. cxd4 Bb4+ 7. Bd2 Nxe4 8. Bxb4 Nxb4 9. Bxf7+ Kxf7 10. Qb3+ d5 11. Qxb4 Re8 12. O-O a5 13. Qa3 Kg8 14. Re1 Rf8 15. Nbd2 Nxd2 16. Nxd2 Qf6 17. Qe3 Bd7 18. Nf3 Bc6 19. Ne5 Rae8 20. f3 Qf4 21. Qc3 Re6 22. Rad1 a4 23. Qc5 Qf6 24. Re3 Qe7 25. Qc3 Qd6 26. Rde1 Rfe8 27. a3 R8e7 28. Qd3 g6 29. Qe2 Kg7 30. Qf2 Be8 31. Qd2 c5 32. Qc3 cxd4 33. Qxd4 Kg8 34. f4 Kf8 35. Rd1 Bc6 36. Rg3 Rxe5 37. fxe5 Rxe5 38. Rf3+ Ke7 39. Qh4+ Ke8 40. Qxh7 d4 41. Qg8+ Kd7 42. Rf7+ Re7 43. Rxe7+ Qxe7 44. Rxd4+ Kc7 45. Rd1 Qe3+ 46. Kh1 Bxg2+ 47. Kxg2 Qe2+ 48. Kg3 Qxd1 49. Qf7+ Kb8 {=} 50. Qe8+ Ka7 51. Qe3+ Kb8 52. Qe5+ Ka7 53. Qc5+ Kb8 54. Qf8+ Ka7 55. Qf2+ Kb8 1/2-1/2

[Event "82. Provinciale VE"]
[Site "Mestre ITA"]
[Date "2023.01.28"]
[Round "2.4"]
[White "Gazzato, Nicolò"]
[Black "Rizzo, Nicodemo"]
[Result "1/2-1/2"]
[WhiteElo "1254"]
[BlackElo "1472"]
[Annotator "Gabriele Ballarin"]
[PlyCount "68"]
[EventDate "2023.01.27"]
[EventType "swiss"]
[EventRounds "5"]
[EventCountry "ITA"]

1. e4 e5 2. Nf3 d6 3. d4 exd4 4. Nxd4 Nf6 5. Nc3 Be7 6. Bc4 Bd7 7. Be3 Nc6 8. O-O O-O 9. f3 a6 10. a3 b5 11. Ba2 h6 12. Qd2 Nxd4 13. Qxd4 Nh7 14. Rad1 Bf6 15. Qd2 Bxc3 16. Qxc3 Rc8 17. Qd2 Re8 18. b4 Qe7 19. c4 Be6 20. c5 Bxa2 21. Qxa2 dxc5 22. Bxc5 Qe6 23. Qxe6 Rxe6 24. Rd7 Nf6 25. Rd2 Ree8 26. Rfd1 Kh7 27. Kf2 g5 28. Bd4 Kg6 29. Bxf6 Kxf6 30. Rd5 Re5 31. Rxe5 Kxe5 32. Rd5+ Ke6 33. Ke3 c6 34. Rd3 c5 1/2-1/2

[Event "82. Provinciale VE"]
[Site "Mestre ITA"]
[Date "2023.01.28"]
[Round "2.5"]
[White "Moretto, Christian"]
[Black "Frascerra, Andrea"]
[Result "0-1"]
[WhiteElo "1425"]
[BlackElo "1282"]
[Annotator "Gabriele Ballarin"]
[PlyCount "150"]
[EventDate "2023.01.27"]
[EventType "swiss"]
[EventRounds "5"]
[EventCountry "ITA"]

1. e4 e5 2. Nf3 Nc6 3. Bc4 Bc5 4. d3 Nf6 5. Bg5 d6 6. h3 Be6 7. Bb3 Qd7 8. Nc3 h6 9. Bxf6 gxf6 10. Nd5 Bxd5 11. Bxd5 O-O-O 12. Qe2 Rdf8 13. O-O-O Ne7 14. Bc4 f5 15. d4 exd4 16. exf5 Nxf5 17. g4 Ne7 18. Nxd4 d5 19. Bb3 Re8 20. Qf3 Ref8 21. Ne2 c6 22. Nc3 f5 23. Na4 Bd6 24. gxf5 Rxf5 25. Qe2 Rhf8 26. Rdf1 Rf3 27. Nc3 Rxh3 28. Rxh3 Qxh3 29. f4 Rxf4 30. Rxf4 Bxf4+ 31. Kb1 Qh1+ 32. Nd1 Kd8 33. a3 Qh2 34. Qf1 h5 35. Nc3 h4 36. Ne2 Bg3 37. Nd4 Qf2 38. Qxf2 Bxf2 39. Nf3 h3 40. Kc1 Bg3 41. Kd2 h2 42. Nxh2 Bxh2 43. Kd3 Kd7 44. c4 dxc4+ 45. Bxc4 Be5 46. b4 Nd5 47. b5 Nb6 48. bxc6+ Kxc6 49. Bb3 Kb5 50. Kc2 Bd6 51. Kb2 Nc4+ 52. Bxc4+ Kxc4 53. Ka2 Kc3 54. a4 Kb4 55. a5 Kxa5 56. Kb3 b5 57. Ka2 b4 58. Kb3 Kb5 59. Kb2 a5 60. Ka2 a4 61. Kb2 Kc4 62. Ka2 a3 63. Kb1 Be5 64. Ka2 Bf6 65. Kb1 b3 66. Kc1 a2 67. Kd2 a1=Q 68. Ke2 Qc3 69. Kf2 Bd4+ 70. Kg2 Qe3 71. Kh2 Qg1+ 72. Kh3 Kd5 73. Kh4 Ke5 74. Kh3 Kf4 75. Kh4 Qg4# 0-1

[Event "82. Provinciale VE"]
[Site "Mestre ITA"]
[Date "2023.01.28"]
[Round "2.6"]
[White "Amadardo, Matteo"]
[Black "Tatulli Uva, Alberto"]
[Result "1-0"]
[WhiteElo "1376"]
[BlackElo "999"]
[Annotator "Gabriele Ballarin"]
[PlyCount "63"]
[EventDate "2023.01.27"]
[EventType "swiss"]
[EventRounds "5"]
[EventCountry "ITA"]

1. c4 e5 2. Nc3 d6 3. g3 Nc6 4. Bg2 Bd7 5. e3 Nf6 6. Nge2 Qe7 7. O-O Qd8 8. d4 exd4 9. exd4 Qc8 10. Re1 Be7 11. Bg5 O-O 12. a3 Bh3 13. Bh1 Bf5 14. b4 h6 15. Bc1 Qd7 16. Bb2 Nd8 17. Nf4 c6 18. Qa4 Qc7 19. b5 Bd7 20. Rxe7 c5 21. dxc5 dxc5 22. Rd1 Bxb5 23. Rxc7 Bxa4 24. Nxa4 Re8 25. Bxf6 gxf6 26. Nd5 Ne6 27. Nxf6+ Kf8 28. Nxe8 Nxc7 29. Nxc7 Rc8 30. Nb5 Rb8 31. Nxc5 Kg7 32. Bxb7 1-0

[Event "82. Provinciale VE"]
[Site "Mestre ITA"]
[Date "2023.01.28"]
[Round "2.7"]
[White "Rossi, Gianni"]
[Black "Casarin, Francesco"]
[Result "1-0"]
[WhiteElo "1557"]
[BlackElo "1619"]
[Annotator "Gabriele Ballarin"]
[PlyCount "87"]
[EventDate "2023.01.27"]
[EventType "swiss"]
[EventRounds "5"]
[EventCountry "ITA"]

1. d4 Nf6 2. f3 d5 3. e4 c5 4. e5 Ng8 5. c3 Nc6 6. f4 cxd4 7. cxd4 Qb6 8. Nf3 Bg4 9. Nc3 e6 10. Bb5 Nh6 11. Be3 Be7 12. O-O Nf5 13. Bf2 O-O 14. h3 Bxf3 15. Qxf3 f6 16. Rad1 fxe5 17. dxe5 Bc5 18. Rde1 Bxf2+ 19. Qxf2 d4 20. Bxc6 bxc6 21. Nd1 a5 22. Re4 c5 23. g4 Ne7 24. Qc2 Qc6 25. Rfe1 g6 26. Qc4 Rac8 27. R4e2 Rxf4 28. Nf2 Nd5 29. Ne4 Nb6 30. Qc1 Rf7 31. Nd6 Rcf8 32. Nxf7 Rxf7 33. Rf1 Nd5 34. Rxf7 Kxf7 35. Qf1+ Kg8 36. Rf2 Qa8 37. Qb5 Qc8 38. Qxa5 c4 39. Qa7 d3 40. Rf7 Qe8 41. Rg7+ Kf8 42. Rxh7 Ne7 43. Kf1 Qd8 44. Qf2+ 1-0

[Event "82. Provinciale VE"]
[Site "Mestre ITA"]
[Date "2023.01.28"]
[Round "2.8"]
[White "Bozzao, Francesco"]
[Black "Gaggio, Giacomo"]
[Result "1-0"]
[WhiteElo "1832"]
[BlackElo "1254"]
[Annotator "Gabriele Ballarin"]
[PlyCount "125"]
[EventDate "2023.01.27"]
[EventType "swiss"]
[EventRounds "5"]
[EventCountry "ITA"]

1. d4 d5 2. c4 e6 3. Nf3 c5 4. cxd5 exd5 5. Nc3 Nf6 6. g3 cxd4 7. Nxd4 Nc6 8. Bg2 Bb4 9. O-O Bxc3 10. bxc3 O-O 11. Bg5 Ne5 12. Bxf6 Qxf6 13. Bxd5 Qh6 14. Bg2 Ng4 15. Nf3 Be6 16. Qc1 Qh5 17. Qg5 Qxg5 18. Nxg5 Bc4 {=} 19. Rfe1 Rab8 20. a4 Rfd8 21. Rab1 b6 22. Rb4 Rbc8 23. Bh3 f5 24. Nf3 Rc5 25. Bxg4 fxg4 26. Ne5 Rxe5 27. Rxc4 Rd2 28. Rxg4 Rexe2 29. Rxe2 Rxe2 30. Kf1 Rc2 31. Rc4 Kf7 32. Rc7+ Kf6 33. Rxa7 Rxc3 34. Ra6 Kf5 35. Rxb6 Ra3 36. Rb4 g5 37. h3 h5 38. Kg2 g4 39. Rf4+ Kg5 40. hxg4 hxg4 41. Rc4 Kf5 42. Rc5+ Ke6 43. a5 Ra4 44. Rb5 Kd7 45. Rg5 Ke7 46. Rf5 Ke6 47. Rf4 Rxa5 48. Rxg4 Kf5 49. Rf4+ Kg5 50. Kh3 Ra2 51. Rf8 Ra6 52. f4+ Kh6 53. Kh4 Ra2 54. f5 Rf2 55. Kg4 Kg7 56. Rc8 Kf6 57. Rc6+ Kf7 58. Kg5 Rf3 59. g4 Rg3 60. Rc7+ Kg8 61. f6 Kf8 62. Kf5 Rf3+ 63. Kg6 1-0

[Event "82. Provinciale VE"]
[Site "Mestre ITA"]
[Date "2023.01.28"]
[Round "2.10"]
[White "Zanata, Domenico"]
[Black "Schiera, Ignazio"]
[Result "0-1"]
[WhiteElo "1171"]
[BlackElo "1543"]
[Annotator "Gabriele Ballarin"]
[PlyCount "53"]
[EventDate "2023.01.27"]
[EventType "swiss"]
[EventRounds "5"]
[EventCountry "ITA"]

1. e4 e6 2. d4 Ne7 3. Nf3 d5 4. e5 c5 5. dxc5 Nbc6 6. c3 Bd7 7. b4 Ng6 8. Qe2 Be7 9. g3 Qc7 10. b5 Na5 11. Ba3 Bxc5 12. Bg2 Bxa3 13. O-O Be7 14. Rc1 Nc4 15. a4 O-O 16. Nbd2 a6 17. Nxc4 Qxc4 18. Qxc4 dxc4 19. Rd1 Rfd8 20. Nd4 axb5 21. Bxb7 Rxa4 22. Rab1 b4 23. cxb4 Rxb4 24. Rxb4 Bxb4 25. f4 Bc5 26. Kg2 Be8 27. Ra1 0-1

[Event "82. Provinciale VE"]
[Site "Mestre ITA"]
[Date "2023.01.28"]
[Round "2.11"]
[White "Cedriano, Mattia"]
[Black "Biondi, Carlo"]
[Result "0-1"]
[WhiteElo "999"]
[BlackElo "1297"]
[Annotator "Gabriele Ballarin"]
[PlyCount "112"]
[EventDate "2023.01.27"]
[EventType "swiss"]
[EventRounds "5"]
[EventCountry "ITA"]

1. e4 c5 2. Nf3 d6 3. d4 cxd4 4. Nxd4 Nf6 5. Nc3 a6 6. Be2 e5 7. Nb3 Be7 8. O-O b5 9. f3 O-O 10. Be3 Bb7 11. Qd2 Nbd7 12. a4 b4 13. Nd1 a5 14. Bc4 Qc7 15. Qd3 Rfc8 16. Nd2 Nc5 17. Bxc5 Qxc5+ 18. Qe3 d5 19. exd5 Nxd5 20. Qxc5 Bxc5+ 21. Kh1 Ne3 22. Nxe3 Bxe3 23. Rad1 Bxd2 24. Bxf7+ Kxf7 25. Rxd2 Rd8 26. Rfd1 Rxd2 27. Rxd2 Ke7 28. b3 Rd8 29. Rxd8 Kxd8 30. Kg1 Kd7 31. Kf2 Kd6 32. Ke3 Kd5 33. h3 Ba6 34. g3 g5 35. h4 gxh4 36. gxh4 h5 37. f4 exf4+ 38. Kxf4 Kd4 39. Kg5 Kc3 40. Kxh5 Kxc2 41. Kg5 Bd3 42. h5 Kxb3 43. h6 Kxa4 44. Kf6 b3 45. Kg7 b2 46. h7 Bxh7 47. Kxh7 b1=Q+ 48. Kg7 Qb6 49. Kf7 Kb4 50. Ke7 a4 51. Kf7 a3 52. Ke7 a2 53. Kd7 a1=R 54. Kc8 Ra8+ 55. Kd7 Ra7+ 56. Kc8 Qc7# 0-1